000 00405nam a2200157Ia 4500
003 0
005 20260122103640.0
008 180323s9999 xx 000 0 und d
020 _a765703602
100 _aSchaefer, Charles E.
245 _cCangelosi, Donna M.
_aPlay theraphy techniques /
250 _a2nd ed
260 _aUSA :
_bJason Aronson Inc.
_c2002
300 _axi, 377 pages
942 _2lcc
_cBK
999 _c356342
_d356342